[Event "X Festival Sant'Anna A"]
[Site "Pisignano - Vernole ITA"]
[Date "2007.08.07"]
[Round "1"]
[White "Lazic, Miroljub"]
[Black "De Leon Cultri Fascetti, Angelo"]
[Result "1-0"]
[WhiteElo "2470"]
[BlackElo "2010"]
[PlyCount "77"]
[EventDate "2007.08.07"]

1. g3 e5 2. c4 Nf6 3. Bg2 d5 4. cxd5 Nxd5 5. Nc3 Nxc3 6. bxc3 Nd7 7. Nf3 Be7 8.
O-O O-O 9. d4 exd4 10. cxd4 c5 11. Qc2 Bf6 12. Rd1 Qa5 13. Rb1 cxd4 14. Nxd4
Nb6 15. Bf4 Bxd4 16. Rxd4 Bf5 17. e4 Rac8 18. Qd2 Qxd2 19. Bxd2 Be6 20. f4 Bxa2
21. Ra1 Rc2 22. e5 Bc4 23. Rxa7 Ba6 24. Be4 Rc4 25. Rxc4 Nxc4 26. Bb4 Rb8 27.
Kf2 Nb6 28. Bd6 Ra8 29. Rxa8+ Nxa8 30. Ke3 Nb6 31. Kd4 g6 32. f5 Nc4 33. Bd5
Nb6 34. Be4 Nc4 35. g4 Nxd6 36. exd6 Kf8 37. f6 Ke8 38. Bd5 Kd7 39. Ke5 1-0

[Event "X Festival Sant'Anna A"]
[Site "Pisignano - Vernole ITA"]
[Date "2007.08.07"]
[Round "1"]
[White "Parrella, Alfredo"]
[Black "Guccione, Daniele"]
[Result "1/2-1/2"]
[WhiteElo "2137"]
[BlackElo "1879"]
[PlyCount "39"]
[EventDate "2007.08.07"]

1. d4 Nf6 2. c4 g6 3. Nc3 Bg7 4. e4 d6 5. Be2 O-O 6. Be3 e5 7. d5 Na6 8. Qc2 c6
9. Nf3 cxd5 10. cxd5 Bd7 11. O-O Ng4 12. Bg5 Qb6 13. h3 Nf6 14. Nh2 Nc5 15.
Rac1 Rac8 16. Qb1 a5 17. Kh1 a4 18. Kg1 Qa5 19. Rcd1 b5 20. a3 1/2-1/2

[Event "X Festival Sant'Anna A"]
[Site "Pisignano - Vernole ITA"]
[Date "2007.08.07"]
[Round "1"]
[White "Quarta, Rocco"]
[Black "D'Orta, Antonio"]
[Result "0-1"]
[WhiteElo "2061"]
[BlackElo "1741"]
[PlyCount "72"]
[EventDate "2007.08.07"]

1. d4 Nc6 2. c4 e5 3. d5 Bb4+ 4. Bd2 Bxd2+ 5. Nxd2 Nd4 6. e3 Nf5 7. Bd3 d6 8.
Ngf3 Nf6 9. O-O Bd7 10. Qc2 g6 11. e4 Ng7 12. c5 O-O 13. cxd6 cxd6 14. Qb3 Nfh5
15. Qxb7 Rb8 16. Qxa7 Nf4 17. Qe3 Rxb2 18. Nc4 Rb8 19. Nxd6 Bh3 20. Nxf7 Rxf7
21. gxh3 Qf6 22. Ne1 Ngh5 23. Kh1 Qh4 24. Ng2 Nxg2 25. Kxg2 Nf4+ 26. Kh1 Nxh3
27. f3 Rb2 28. Be2 Rc7 29. Rab1 Rcc2 30. Rxb2 Rxb2 31. d6 Nf4 32. Qf2 Qxf2 33.
Rxf2 Nxe2 34. d7 Rb1+ 35. Kg2 Rg1+ 36. Kh3 Nf4+ 0-1

[Event "X Festival Sant'Anna A"]
[Site "Pisignano - Vernole ITA"]
[Date "2007.08.07"]
[Round "1"]
[White "Rotelli, Pietro"]
[Black "Laketic, Gojko"]
[Result "0-1"]
[WhiteElo "1978"]
[BlackElo "2430"]
[PlyCount "66"]
[EventDate "2007.08.07"]

1. d4 Nf6 2. c4 g6 3. Nc3 Bg7 4. e4 d6 5. f3 O-O 6. Be3 c5 7. Nge2 cxd4 8. Nxd4
Nc6 9. Qd2 Bd7 10. Be2 Nxd4 11. Bxd4 Bc6 12. O-O Nd7 13. Bxg7 Kxg7 14. Nd5 Bxd5
15. exd5 Qb6+ 16. Kh1 a5 17. Rab1 Rfe8 18. Bd1 Nc5 19. b4 axb4 20. Rxb4 Qa5 21.
Rb2 Qxd2 22. Rxd2 Ra3 23. Be2 Rea8 24. Rfd1 Rxa2 25. h3 Nb3 26. Rxa2 Rxa2 27.
Rb1 Ra1 28. Rxa1 Nxa1 29. Bd1 Kf6 30. f4 Kf5 31. g3 Ke4 32. Ba4 f6 33. h4 Kd4
0-1

[Event "X Festival Sant'Anna A"]
[Site "Pisignano - Vernole ITA"]
[Date "2007.08.07"]
[Round "1"]
[White "Sansonetti, Giorgio"]
[Black "Fontanarosa, Luca"]
[Result "1-0"]
[WhiteElo "2109"]
[BlackElo "1817"]
[PlyCount "101"]
[EventDate "2007.08.07"]

1. d4 d5 2. Nf3 Nf6 3. Bg5 Bf5 4. e3 e6 5. c4 c6 6. Nc3 Nbd7 7. cxd5 exd5 8.
Be2 Bd6 9. h3 h6 10. Bxf6 Nxf6 11. Qb3 Qb6 12. Nd2 Ne4 13. Ndxe4 Bxe4 14. Nxe4
dxe4 15. Qc2 Qb4+ 16. Kf1 O-O 17. Qxe4 Rae8 18. Qc2 Re6 19. g4 Rfe8 20. h4 Qa5
21. Qf5 Qxf5 22. gxf5 R6e7 23. Rg1 Re4 24. h5 Be7 25. Rh1 Bf6 26. Bf3 R4e7 27.
Rc1 Rc8 28. b4 Rec7 29. a3 b6 30. Kg2 c5 31. bxc5 bxc5 32. Rxc5 Rxc5 33. dxc5
Rxc5 34. Rb1 Ra5 35. Rb8+ Kh7 36. Bd1 Rxa3 37. Bb3 Be5 38. Rb7 Rxb3 39. Rxb3 a5
40. Ra3 Bc7 41. Kf3 Kg8 42. Ke4 Kf8 43. Kd5 Ke7 44. Kc6 Bh2 45. e4 Kf6 46. Rxa5
Kg5 47. Ra7 Kxh5 48. Rxf7 Be5 49. Kd5 Bb2 50. e5 g5 51. e6 1-0

[Event "X Festival Sant'Anna A"]
[Site "Pisignano - Vernole ITA"]
[Date "2007.08.07"]
[Round "1"]
[White "Tocchioni, Doriano"]
[Black "Elia, Alessio"]
[Result "1-0"]
[WhiteElo "2261"]
[BlackElo "1895"]
[PlyCount "43"]
[EventDate "2007.08.07"]

1. Nf3 d6 2. d4 g6 3. c3 Bg7 4. Bg5 c6 5. Nbd2 Qc7 6. e4 e5 7. dxe5 dxe5 8. Nc4
Be6 9. Nd6+ Kf8 10. Nxb7 f6 11. Nc5 Bf7 12. Be3 Ne7 13. Qa4 Nd7 14. Nxd7+ Qxd7
15. Rd1 Qc7 16. Bc4 Nc8 17. Bc5+ Ke8 18. Bxf7+ Kxf7 19. Qc4+ Ke8 20. Qe6+ Ne7
21. Bxe7 Qxe7 22. Qxc6+ 1-0

[Event "X Festival Sant'Anna A"]
[Site "Pisignano - Vernole ITA"]
[Date "2007.08.08"]
[Round "2"]
[White "Altini, Daniele"]
[Black "Guccione, Daniele"]
[Result "1-0"]
[WhiteElo "2281"]
[BlackElo "1879"]
[PlyCount "79"]
[EventDate "2007.08.07"]

1. d4 Nf6 2. Bf4 d6 3. e3 g6 4. Nf3 Bg7 5. Be2 O-O 6. h3 c5 7. Nbd2 Nc6 8. O-O
Re8 9. Bh2 cxd4 10. exd4 e5 11. c3 e4 12. Ne1 d5 13. Nc2 Be6 14. Ne3 Nd7 15.
Nb3 Nb6 16. Nc5 Qg5 17. f4 exf3 18. Rxf3 Qe7 19. Qf1 Nxd4 20. cxd4 Bxd4 21. Nb3
Bxb2 22. Rb1 Bg7 23. Bb5 Bd7 24. Bxd7 Qxd7 25. Qd3 Rac8 26. Nd4 Qa4 27. Rd1 Nc4
28. Nxc4 dxc4 29. Qb1 c3 30. Nc2 Re2 31. Rf2 Rce8 32. Qb3 Qe4 33. Qxf7+ Kh8 34.
Rd7 Re1+ 35. Nxe1 Qxe1+ 36. Rf1 Bd4+ 37. Rxd4 Qe3+ 38. Kh1 c2 39. Rd7 Qh6 40.
Qxe8+ 1-0

[Event "X Festival Sant'Anna A"]
[Site "Pisignano - Vernole ITA"]
[Date "2007.08.08"]
[Round "2"]
[White "Altini, Nicola"]
[Black "Castellaneta, Andrea"]
[Result "1-0"]
[WhiteElo "1939"]
[BlackElo "1797"]
[PlyCount "71"]
[EventDate "2007.08.07"]

1. e4 c5 2. Nf3 d6 3. d4 cxd4 4. Nxd4 Nf6 5. Nc3 a6 6. Be3 b5 7. a3 Bb7 8. f3
Nc6 9. Qd2 Nxd4 10. Bxd4 e5 11. Be3 Be7 12. g4 Rc8 13. O-O-O Qa5 14. g5 Nd7 15.
Bh3 Rc4 16. Nd5 Qxd2+ 17. Rxd2 Bxd5 18. Rxd5 Nf8 19. Bf1 Rc6 20. a4 b4 21. Ra5
Ne6 22. Bxa6 O-O 23. Bb5 Rc7 24. h4 Rfc8 25. Bd3 b3 26. c3 Nc5 27. Bxc5 Rxc5
28. Rb5 Ra8 29. Rxb3 Rxa4 30. Kc2 g6 31. Rb7 Bf8 32. Kb3 Rca5 33. Bc4 Ra7 34.
Rxf7 Rxc4 35. Rxa7 Rc5 36. c4 1-0

[Event "X Festival Sant'Anna A"]
[Site "Pisignano - Vernole ITA"]
[Date "2007.08.08"]
[Round "2"]
[White "Bernabei, Alberto"]
[Black "Bitossi, Massimo"]
[Result "1-0"]
[WhiteElo "1998"]
[BlackElo "1892"]
[PlyCount "59"]
[EventDate "2007.08.07"]

1. Nf3 Nf6 2. g3 b5 3. Bg2 Bb7 4. d3 d5 5. Nbd2 e6 6. O-O Be7 7. e4 dxe4 8. Ng5
h6 9. Ngxe4 Qc8 10. b3 Nbd7 11. Bb2 O-O 12. Qe2 c5 13. f4 Re8 14. g4 Nh7 15. f5
exf5 16. Rxf5 g6 17. Rff1 Rb8 18. Qf2 Rf8 19. Qg3 Qd8 20. Qh3 Bh4 21. Nf3 Ng5
22. Nexg5 Bxg5 23. Nxg5 Qxg5 24. Bxb7 Rxb7 25. Bc1 Qd5 26. Bxh6 Re8 27. Rae1
Ne5 28. Re4 c4 29. Bg5 cxd3 30. Bf6 1-0

[Event "X Festival Sant'Anna A"]
[Site "Pisignano - Vernole ITA"]
[Date "2007.08.08"]
[Round "2"]
[White "Bruno, Fabio"]
[Black "Sansonetti, Giorgio"]
[Result "1-0"]
[WhiteElo "2443"]
[BlackElo "2109"]
[PlyCount "144"]
[EventDate "2007.08.07"]

1. d4 d5 2. Bf4 c5 3. e3 Nf6 4. c3 Qb6 5. Qb3 Qxb3 6. axb3 cxd4 7. exd4 a6 8.
Nd2 Bf5 9. b4 Bc2 10. Ngf3 Nfd7 11. Bc7 f6 12. b5 g5 13. h3 Bg7 14. Be2 O-O 15.
O-O Rc8 16. b6 Nf8 17. Ra5 e6 18. Rfa1 Nbd7 19. Bb5 Rxc7 20. bxc7 Rc8 21. Ne1
Bg6 22. Bd3 Bf7 23. Nc2 Rxc7 24. Re1 Ng6 25. Raa1 Nf4 26. Bf1 Bg6 27. Nb4 Bf5
28. Re3 h5 29. Kh2 Bf8 30. Nd3 Bd6 31. g3 Ng6 32. Kg1 Ndf8 33. Bg2 h4 34. Nb3
g4 35. hxg4 Bxg4 36. Nbc5 hxg3 37. fxg3 Ne7 38. Nf2 Bf5 39. g4 Bxc5 40. dxc5
Bg6 41. b4 Nc6 42. Ree1 Ne5 43. g5 Kf7 44. Ra2 Bh5 45. Nh3 Nfg6 46. gxf6 Bg4
47. Rf1 Bxh3 48. Bxh3 Rc8 49. Rh2 Rg8 50. Bg2 Nf8 51. Rh3 Rg6 52. Rf4 Ned7 53.
Kf1 Nxf6 54. Bf3 Kg7 55. Kf2 e5 56. Rf5 N8d7 57. Bh1 Ng4+ 58. Ke2 Ngf6 59. Rf2
Nf8 60. Rg2 Rxg2+ 61. Bxg2 Ne6 62. Kd2 e4 63. Rg3+ Kf7 64. Bh3 Nd8 65. Bc8 Kf8
66. Ke3 Kf7 67. Kd4 Nc6+ 68. Ke3 Nd8 69. Rg5 Ne6 70. Bxe6+ Kxe6 71. Rg7 Ke5 72.
Re7+ Kf5 1-0

[Event "X Festival Sant'Anna A"]
[Site "Pisignano - Vernole ITA"]
[Date "2007.08.08"]
[Round "2"]
[White "D'Orta, Antonio"]
[Black "Tocchioni, Doriano"]
[Result "1-0"]
[WhiteElo "1741"]
[BlackElo "2261"]
[PlyCount "101"]
[EventDate "2007.08.07"]

1. e4 c6 2. Nf3 d5 3. Nc3 Nf6 4. e5 Ne4 5. Bd3 Nc5 6. Be2 d4 7. b4 dxc3 8. bxc5
cxd2+ 9. Qxd2 Qxd2+ 10. Bxd2 e6 11. Nd4 Bxc5 12. c3 Nd7 13. f4 Nb6 14. Nb3 Ba3
15. O-O Bd7 16. Rab1 Nd5 17. c4 Nc7 18. Be3 b6 19. Rfd1 Rd8 20. Bf3 c5 21. Rd6
Ke7 22. Rbd1 f5 23. Bf2 g5 24. fxg5 Ne8 25. R6d3 Bb2 26. Bh4 Bxe5 27. Bc6 Bxc6
28. Rxd8 Kf7 29. Rc8 Ba4 30. Rdd8 Rg8 31. Ra8 a5 32. Ra7+ Nc7 33. Rxg8 Kxg8 34.
Rb7 Na6 35. Re7 Nc7 36. g6 hxg6 37. Bf6 Bd6 38. Rg7+ Kf8 39. Rh7 Ke8 40. h4 e5
41. Rg7 Ne6 42. Rxg6 Kf7 43. h5 Nf4 44. Rh6 Bf8 45. Rh8 e4 46. Be5 Nd3 47. Bc3
Nf4 48. Kf2 Ne6 49. h6 Ng5 50. h7 Ne6 51. Rxf8+ 1-0

[Event "X Festival Sant'Anna A"]
[Site "Pisignano - Vernole ITA"]
[Date "2007.08.08"]
[Round "2"]
[White "De Leon Cultri Fascetti, Angelo"]
[Black "Della Rocca, Luigi"]
[Result "1-0"]
[WhiteElo "2010"]
[BlackElo "1832"]
[PlyCount "39"]
[EventDate "2007.08.07"]

1. e4 c5 2. c3 d5 3. exd5 Qxd5 4. d4 e5 5. dxe5 Qxe5+ 6. Be2 Bg4 7. Be3 Bxe2 8.
Qxe2 Nd7 9. Nf3 Qe7 10. Na3 O-O-O 11. O-O-O f6 12. Rhe1 Qf7 13. b3 Ne7 14. Rd3
Nc6 15. Red1 Nb6 16. Rxd8+ Nxd8 17. Qd3 Be7 18. Nb5 Nc6 19. Qf5+ Kb8 20. Qf4+
1-0

[Event "X Festival Sant'Anna A"]
[Site "Pisignano - Vernole ITA"]
[Date "2007.08.08"]
[Round "2"]
[White "Elia, Alessio"]
[Black "Del Giudice, Stefano"]
[Result "1/2-1/2"]
[WhiteElo "1895"]
[BlackElo "2030"]
[PlyCount "34"]
[EventDate "2007.08.07"]

1. d4 Nf6 2. Nf3 g6 3. Bg5 Bg7 4. c3 d6 5. Nbd2 O-O 6. e4 h6 7. Bh4 Nbd7 8. Be2
c5 9. O-O cxd4 10. cxd4 e5 11. Nc4 exd4 12. Nxd6 Qb6 13. Nxc8 Raxc8 14. e5 Ne4
15. Nxd4 Nxe5 16. Nf3 Nxf3+ 17. Bxf3 Ng5 1/2-1/2

[Event "X Festival Sant'Anna A"]
[Site "Pisignano - Vernole ITA"]
[Date "2007.08.08"]
[Round "2"]
[White "Fasiello, Andrea"]
[Black "Gissi, Gilberto"]
[Result "1/2-1/2"]
[WhiteElo "1906"]
[BlackElo "2085"]
[PlyCount "62"]
[EventDate "2007.08.07"]

1. e4 c5 2. Nf3 a6 3. d4 cxd4 4. Nxd4 Nf6 5. Bd3 e5 6. Nb3 Nc6 7. Nc3 Bb4 8.
Bd2 Bxc3 9. Bxc3 O-O 10. O-O d6 11. h3 Qc7 12. Qe2 b5 13. a3 Bb7 14. Rad1 Rfe8
15. Rfe1 Nd7 16. Qe3 Nf8 17. g3 Re6 18. Bf1 Rg6 19. Bg2 a5 20. Qd2 Qb6 21. Qe3
Qc7 22. Qd2 Nd7 23. Bf1 Qb6 24. Qe3 b4 25. axb4 axb4 26. Bd2 h6 27. Ra1 Nd4 28.
Rxa8+ Bxa8 29. Nxd4 exd4 30. Qb3 Ne5 31. Bg2 Nc6 1/2-1/2

[Event "X Festival Sant'Anna A"]
[Site "Pisignano - Vernole ITA"]
[Date "2007.08.08"]
[Round "2"]
[White "Fontanarosa, Luca"]
[Black "Dappiano, Andrea"]
[Result "0-1"]
[WhiteElo "1817"]
[BlackElo "1914"]
[PlyCount "128"]
[EventDate "2007.08.07"]

1. e4 e6 2. Qe2 c5 3. Nf3 Nc6 4. d3 Be7 5. c3 d5 6. e5 Qb6 7. g3 Bd7 8. Bg2
O-O-O 9. O-O f6 10. exf6 gxf6 11. d4 cxd4 12. cxd4 Nxd4 13. Nxd4 Qxd4 14. Be3
Qa4 15. Nc3 Qa5 16. Rfc1 Kb8 17. a3 Be8 18. b4 Qa6 19. b5 Qa5 20. Bf4+ Bd6 21.
Qxe6 Bxf4 22. gxf4 Bd7 23. Qd6+ Qc7 24. Qxc7+ Kxc7 25. Nxd5+ Kb8 26. a4 Be6 27.
Ne3 Nh6 28. Rd1 Ng4 29. Rxd8+ Rxd8 30. Re1 Nxe3 31. fxe3 b6 32. Be4 h6 33. Kf2
Rd2+ 34. Re2 Rxe2+ 35. Kxe2 Bb3 36. Kf3 Bd1+ 37. Kg3 Kc7 38. Bf3 Bxa4 39. Be2
Bc2 40. Kg4 Bg6 41. Bc4 Kd6 42. f5 Be8 43. Kf4 Kc5 44. Be6 Bxb5 45. e4 Kd6 46.
Bf7 Be2 47. Ke3 Bg4 48. Kd4 b5 49. Bb3 a5 50. e5+ fxe5+ 51. Ke4 Ke7 52. Kxe5
Bh5 53. f6+ Kf8 54. Kd4 Bf7 55. Bc2 b4 56. Ba4 Be8 57. Bd1 Bf7 58. Ba4 Ba2 59.
Kd3 Kf7 60. Kc2 Kxf6 61. Kb2 Be6 62. Bc6 Ke5 63. Bb5 Ke4 64. Ba6 Kf3 0-1

[Event "X Festival Sant'Anna A"]
[Site "Pisignano - Vernole ITA"]
[Date "2007.08.08"]
[Round "2"]
[White "Laketic, Gojko"]
[Black "Fiorentino, Maria Cristina"]
[Result "1-0"]
[WhiteElo "2430"]
[BlackElo "1666"]
[PlyCount "71"]
[EventDate "2007.08.07"]

1. d4 Nf6 2. Nc3 d5 3. Bg5 e6 4. e4 dxe4 5. Nxe4 Nbd7 6. Qf3 Be7 7. O-O-O c6 8.
h4 Nxe4 9. Bxe7 Qxe7 10. Qxe4 Nf6 11. Qe5 O-O 12. Rh3 Ng4 13. Qe2 e5 14. f3 Nf6
15. Rg3 Re8 16. dxe5 Qxe5 17. Qxe5 Rxe5 18. Rd8+ Re8 19. Rxe8+ Nxe8 20. f4 Be6
21. Ra3 Nd6 22. Nf3 Bc4 23. Bd3 f6 24. Nd4 c5 25. Bxc4+ Nxc4 26. Rc3 Nxb2 27.
Rxc5 Rd8 28. Ne6 Na4 29. Rc7 Re8 30. f5 g6 31. g4 b5 32. Rg7+ Kh8 33. Rxa7 Rc8
34. g5 Nc5 35. gxf6 gxf5 36. Nxc5 1-0

[Event "X Festival Sant'Anna A"]
[Site "Pisignano - Vernole ITA"]
[Date "2007.08.08"]
[Round "2"]
[White "Limongelli, Sergio"]
[Black "Guido, Andrea"]
[Result "0-1"]
[WhiteElo "1982"]
[BlackElo "1808"]
[PlyCount "82"]
[EventDate "2007.08.07"]

1. e4 c5 2. Nf3 e6 3. c3 d5 4. exd5 Qxd5 5. d4 Nc6 6. Na3 a6 7. Nc4 cxd4 8. Nb6
Qe4+ 9. Be2 Rb8 10. O-O Bc5 11. Na4 Ba7 12. Re1 Nf6 13. Bxa6 Qg4 14. Bb5 O-O
15. Bxc6 bxc6 16. Nxd4 Qh4 17. Rf1 Ba6 18. Nf3 Qh5 19. Re1 Rfd8 20. Bd2 Ng4 21.
Qc1 Bxf2+ 22. Kh1 Nxh2 23. Re5 f5 24. Nxh2 Bg3 25. Qg1 Bxe5 26. Be3 Rd3 27. Bd4
Bxd4 28. cxd4 Rd8 29. Nc5 R3xd4 30. Nxe6 Rd1 31. Nxd8 Rxg1+ 32. Kxg1 Qe8 33.
Rd1 Qe2 34. Ra1 Qxb2 35. Rd1 Be2 36. Rd7 Qb6+ 37. Kh1 Qb1+ 38. Nf1 Qxf1+ 39.
Kh2 Qf4+ 40. Kg1 c5 41. Re7 Qd4+ 0-1

[Event "X Festival Sant'Anna A"]
[Site "Pisignano - Vernole ITA"]
[Date "2007.08.08"]
[Round "2"]
[White "Naumkin, Igor"]
[Black "Bozzali, Ermanno"]
[Result "1-0"]
[WhiteElo "2490"]
[BlackElo "2116"]
[PlyCount "37"]
[EventDate "2007.08.07"]

1. d4 d5 2. c4 c6 3. Nf3 Nf6 4. Nc3 dxc4 5. a4 Bf5 6. e3 Nbd7 7. Bxc4 Nb6 8.
Bb3 Nbd5 9. O-O e6 10. Nh4 Bg4 11. f3 Nxc3 12. bxc3 Nd5 13. fxg4 Qxh4 14. e4
Nf6 15. g5 Nh5 16. Qf3 f5 17. Bxe6 Bd6 18. e5 Bc7 19. g3 1-0

[Event "X Festival Sant'Anna A"]
[Site "Pisignano - Vernole ITA"]
[Date "2007.08.08"]
[Round "2"]
[White "Pace, Colin"]
[Black "Lazic, Miroljub"]
[Result "0-1"]
[WhiteElo "2153"]
[BlackElo "2470"]
[PlyCount "102"]
[EventDate "2007.08.07"]

1. e4 d6 2. d4 Nf6 3. Nc3 e5 4. Nf3 Nbd7 5. Bc4 Be7 6. O-O O-O 7. h3 c6 8. Bb3
b5 9. a3 a6 10. Be3 Qc7 11. Qe2 Bb7 12. Rfd1 Rae8 13. dxe5 dxe5 14. Nd2 c5 15.
Nd5 Nxd5 16. Bxd5 Bxd5 17. exd5 f5 18. f3 c4 19. a4 Bc5 20. axb5 axb5 21. Nf1
e4 22. f4 Qxf4 23. Bxc5 Nxc5 24. Ra5 Qb8 25. b3 Nxb3 26. cxb3 Qb6+ 27. Kh1 Qxa5
28. bxc4 bxc4 29. Qxc4 Rc8 30. Qd4 Qc5 31. Qe5 Rce8 32. Qf4 e3 33. Re1 Qxd5 34.
Rxe3 Rxe3 35. Nxe3 Qe4 36. Qf2 f4 37. Ng4 f3 38. Kh2 Qf4+ 39. Kh1 Rd8 40. Qxf3
Qxf3 41. gxf3 Rd2 42. Kg1 Kf7 43. Nf2 Kg6 44. Kg2 Kf5 45. Kg3 Rd6 46. Ng4 Re6
47. h4 h5 48. Nh2 Rg6+ 49. Kf2 Kf4 50. Nf1 Ra6 51. Nh2 Ra2+ 0-1

[Event "X Festival Sant'Anna A"]
[Site "Pisignano - Vernole ITA"]
[Date "2007.08.08"]
[Round "2"]
[White "Patavia, Antonio"]
[Black "Isonzo, David"]
[Result "0-1"]
[WhiteElo "2079"]
[BlackElo "2356"]
[PlyCount "70"]
[EventDate "2007.08.07"]

1. e4 c5 2. Nf3 e6 3. g3 Nf6 4. e5 Nd5 5. b3 Nc6 6. Bb2 Be7 7. Bg2 O-O 8. O-O
d6 9. Na3 dxe5 10. Nxe5 Nxe5 11. Bxe5 f6 12. Bb2 e5 13. c3 Nc7 14. Nc4 Ne6 15.
Re1 Rb8 16. Ne3 Re8 17. h4 Bf8 18. Be4 g6 19. Bd5 Kh8 20. d4 cxd4 21. cxd4 Nxd4
22. Bxd4 exd4 23. Qxd4 b6 24. Nc4 Rxe1+ 25. Rxe1 Bb7 26. Rd1 Bc5 27. Qd3 Ba6
28. Qf3 Qe7 29. h5 Rd8 30. hxg6 hxg6 31. Kg2 Kg7 32. Bc6 Rxd1 33. Qxd1 Bc8 34.
Bf3 Qe6 35. Qd5 Qh3+ 0-1

[Event "X Festival Sant'Anna A"]
[Site "Pisignano - Vernole ITA"]
[Date "2007.08.08"]
[Round "2"]
[White "Piscopo, Pierluigi"]
[Black "De Giorgi, Stefano"]
[Result "0-1"]
[WhiteElo "2392"]
[BlackElo "2086"]
[PlyCount "78"]
[EventDate "2007.08.07"]

1. d4 Nf6 2. Nf3 g6 3. g3 Bg7 4. Bg2 c6 5. O-O O-O 6. c4 d5 7. cxd5 cxd5 8. Nc3
Nbd7 9. a4 a6 10. Bf4 h6 11. Qb3 e6 12. Bd6 Re8 13. Rac1 Nb6 14. Bf4 Nc4 15.
Rcd1 g5 16. Bc1 Qb6 17. Qxb6 Nxb6 18. h4 gxh4 19. Nxh4 Bd7 20. b3 Rac8 21. Bd2
Bc6 22. Nf3 Ne4 23. Nxe4 dxe4 24. Ne5 Bd5 25. Rb1 Rc2 26. Rfd1 Bxe5 27. dxe5
Nd7 28. Bxh6 Nxe5 29. Bd2 Rec8 30. a5 Ra2 31. Bf1 Rcc2 32. Be1 Nc6 33. b4 Bc4
34. Rd7 Bxe2 35. Bxe2 Rxe2 36. Rxb7 Ne5 37. Rb8+ Kh7 38. Rb6 Nf3+ 39. Kf1 e3
0-1

[Event "X Festival Sant'Anna A"]
[Site "Pisignano - Vernole ITA"]
[Date "2007.08.08"]
[Round "2"]
[White "Rizzo, Giovanbattista"]
[Black "Collutiis, Duilio"]
[Result "0-1"]
[WhiteElo "2112"]
[BlackElo "2405"]
[PlyCount "80"]
[EventDate "2007.08.07"]

1. d4 Nf6 2. c4 c5 3. d5 b5 4. a4 bxc4 5. Nc3 g6 6. e4 d6 7. Bxc4 Bg7 8. Bb5+
Nfd7 9. Nf3 O-O 10. Bf4 Ba6 11. O-O Bxb5 12. axb5 Qb6 13. Qe2 Qc7 14. Rfe1 f6
15. Na4 a6 16. Nc3 Qb7 17. Nd2 Nb6 18. Nb3 axb5 19. Qxb5 Rxa1 20. Rxa1 Qc7 21.
Qe2 N8d7 22. Nb5 Qd8 23. Ra7 Nc8 24. Rb7 Ndb6 25. Na5 Nxd5 26. Nc6 Nxf4 27.
Qc4+ d5 28. Qxc5 Qe8 29. exd5 g5 30. g3 Qg6 31. Nc3 Nd3 32. Qe3 Kh8 33. Nxe7
Nxe7 34. Rxe7 Ne5 35. d6 g4 36. d7 Qh5 37. h4 gxh3 38. f4 Ng4 39. Qe2 Qc5+ 40.
Kh1 Qc6+ 0-1

[Event "X Festival Sant'Anna A"]
[Site "Pisignano - Vernole ITA"]
[Date "2007.08.08"]
[Round "2"]
[White "Sernagiotto, Mirko Virgilio"]
[Black "Dragojlovic, Andjelko"]
[Result "0-1"]
[WhiteElo "2128"]
[BlackElo "2432"]
[PlyCount "75"]
[EventDate "2007.08.07"]

1. Nf3 g6 2. g3 Nf6 3. Bg2 Bg7 4. d4 O-O 5. O-O d5 6. c3 c6 7. Nbd2 Bf5 8. b3
Qc8 9. Re1 Re8 10. Bb2 Bh6 11. c4 Bh3 12. Bh1 Qe6 13. Ne5 Nbd7 14. f4 Rad8 15.
e4 dxe4 16. Nxe4 Nxe5 17. Nc5 Qc8 18. fxe5 Ng4 19. Qf3 b6 20. e6 f5 21. Nd7 c5
22. d5 Rxd7 23. Qc3 Nf6 24. exd7 Qxd7 25. d6 Qxd6 26. Bd5+ Kf8 27. Re6 Nxd5 28.
Qh8+ Kf7 29. Rxd6 Be3+ 30. Kh1 Rxh8 31. Bxh8 Nf4 32. gxf4 exd6 33. a4 a5 34.
Re1 Bxf4 35. Kg1 g5 36. Bc3 h5 37. Bh8 h4 38. Bc3 0-1

[Event "X Festival Sant'Anna A"]
[Site "Pisignano - Vernole ITA"]
[Date "2007.08.08"]
[Round "2"]
[White "Sirena, Gianni"]
[Black "Parrella, Alfredo"]
[Result "0-1"]
[WhiteElo "1806"]
[BlackElo "2137"]
[PlyCount "58"]
[EventDate "2007.08.07"]

1. e4 c5 2. Nf3 Nc6 3. d4 cxd4 4. Nxd4 e6 5. Nc3 Qc7 6. Be2 a6 7. a3 Nf6 8. Be3
b5 9. O-O Bb7 10. Kh1 Na5 11. f3 Be7 12. Qe1 O-O 13. Qh4 d6 14. Rad1 Nxe4 15.
Qh3 Nxc3 16. Bd3 g6 17. Nxe6 fxe6 18. Qxe6+ Kg7 19. bxc3 Bf6 20. Qh3 Kg8 21.
Qe6+ Kh8 22. Be4 Nc4 23. Bf4 Rae8 24. Bxd6 Nxd6 25. Qxd6 Qxd6 26. Rxd6 Be5 27.
Rdd1 Bxe4 28. fxe4 Rxf1+ 29. Rxf1 Rd8 0-1

[Event "X Festival Sant'Anna A"]
[Site "Pisignano - Vernole ITA"]
[Date "2007.08.08"]
[Round "2"]
[White "Strippoli, Michele"]
[Black "Quarta, Rocco"]
[Result "1-0"]
[WhiteElo "1911"]
[BlackElo "2061"]
[PlyCount "105"]
[EventDate "2007.08.07"]

1. d4 g6 2. Nf3 Bg7 3. Nbd2 Nf6 4. e4 d6 5. Bd3 Nbd7 6. O-O c5 7. c3 O-O 8. Qc2
Qc7 9. Re1 Nh5 10. dxc5 Nxc5 11. Bc4 Be6 12. Bxe6 Nxe6 13. Nf1 Rfd8 14. Ne3 Nf6
15. b3 d5 16. exd5 Nxd5 17. Nxd5 Rxd5 18. Bb2 Rad8 19. c4 Nd4 20. Nxd4 Bxd4 21.
Rad1 e5 22. Qe2 R5d7 23. Bxd4 exd4 24. Rd3 Kf8 25. Qg4 Qc5 26. Kf1 Qd6 27. Qh4
Kg7 28. g3 f5 29. Red1 Qe5 30. Re1 Qd6 31. Qg5 h6 32. Qd2 g5 33. Qa5 f4 34. Qf5
Qf6 35. Qe4 b6 36. Kg2 Qg6 37. Qxg6+ Kxg6 38. gxf4 Kf5 39. Kf3 g4+ 40. Kg3 h5
41. Re5+ Kg6 42. Rg5+ Kh6 43. Kh4 g3 44. Rxh5+ Kg6 45. Rg5+ Kf6 46. hxg3 Ke6
47. Re5+ Kf6 48. g4 a6 49. Kg3 b5 50. cxb5 axb5 51. Rxb5 Rc8 52. Rb6+ Kf7 53.
Kf3 1-0

[Event "X Festival Sant'Anna A"]
[Site "Pisignano - Vernole ITA"]
[Date "2007.08.08"]
[Round "2"]
[White "Vespe, Francesco"]
[Black "Caggiano, Carmine"]
[Result "1-0"]
[WhiteElo "2058"]
[BlackElo "1874"]
[PlyCount "99"]
[EventDate "2007.08.07"]

1. d4 g6 2. c4 Bg7 3. e4 d6 4. Nc3 Nd7 5. Be3 b6 6. g3 Bb7 7. Bg2 e6 8. Nge2
Ne7 9. O-O a6 10. Qd2 h6 11. Rac1 Nf6 12. h3 c5 13. e5 Bxg2 14. exf6 Bxf1 15.
fxg7 Rg8 16. Kxf1 Rxg7 17. Bxh6 Rh7 18. Ne4 Ng8 19. Bf4 e5 20. dxe5 dxe5 21.
Nd6+ Kf8 22. Bxe5 Rxh3 23. Qd5 Rh7 24. Nf4 Ne7 25. Qe4 Ra7 26. Re1 Kg8 27. Nd5
Nxd5 28. cxd5 f5 29. Qf3 Rad7 30. Kg2 Qf8 31. Nc4 b5 32. Ne3 Qh6 33. Kf1 c4 34.
d6 Qh1+ 35. Qxh1 Rxh1+ 36. Ke2 Rxe1+ 37. Kxe1 Kf7 38. f4 Ke6 39. Kd2 Rh7 40.
Nf1 Rh1 41. Ke2 a5 42. Ne3 Ra1 43. Nd5 b4 44. Nb6 Rh1 45. d7 Ke7 46. Bf6+ Kxf6
47. d8=Q+ Kg7 48. Nd5 c3 49. Qf6+ Kh7 50. Ne7 1-0

[Event "X Festival Sant'Anna A"]
[Site "Pisignano - Vernole ITA"]
[Date "2007.08.08"]
[Round "3"]
[White "Bozzali, Ermanno"]
[Black "Bernabei, Alberto"]
[Result "0-1"]
[WhiteElo "2116"]
[BlackElo "1998"]
[PlyCount "120"]
[EventDate "2007.08.07"]

1. d4 f5 2. Bg5 Nc6 3. d5 Ne5 4. Qd4 Nf7 5. h4 Nf6 6. Nc3 c6 7. Bxf6 exf6 8.
Rh3 Qb6 9. Qxb6 axb6 10. Nf3 Bc5 11. a3 O-O 12. Rd1 b5 13. Nd4 g6 14. Nb3 Bd6
15. e4 f4 16. Be2 b4 17. axb4 Bxb4 18. g4 d6 19. Nd4 cxd5 20. exd5 Ne5 21. Ne6
Bxe6 22. dxe6 Rfe8 23. Rd4 Nc6 24. Rxf4 Rxe6 25. Kd2 d5 26. Re3 Rxe3 27. fxe3
Kg7 28. Bb5 Bxc3+ 29. Kxc3 Ne5 30. g5 fxg5 31. hxg5 Nf7 32. Rd4 Nxg5 33. Rxd5
Rc8+ 34. Kd3 Kf6 35. Rd7 h5 36. Rxb7 h4 37. Rb6+ Kg7 38. Ba6 Rd8+ 39. Ke2 h3
40. Bb7 Rb8 41. Kf2 Ne4+ 42. Kf3 Nc5 43. Kg3 Nxb7 44. Kxh3 Rh8+ 45. Kg4 Nc5 46.
b4 Ne4 47. c4 Nf6+ 48. Kf3 Rh3+ 49. Ke2 g5 50. Rb7+ Kg6 51. Re7 g4 52. b5 Rh2+
53. Kf1 Rc2 54. Rc7 Ne4 55. b6 g3 56. b7 g2+ 57. Kg1 Ng5 58. Rc6+ Kf7 59. Rc7+
Ke6 60. Rc6+ Kd7 0-1